[Event "Good Evans"]
[Site "SchemingMind.com"]
[Date "2010.09.07"]
[Round "-"]
[White "Theodoric"]
[Black "riverriver"]
[Result "1-0"]
[WhiteCountry "ENG"]
[BlackCountry "USA"]
[WhiteElo "2017"]
[WhiteRD "76"]
[BlackElo "1821"]
[BlackRD "63"]
[GameID "259539"]

1. e4 e5 2. Nf3 Nc6 3. Bc4 Bc5 4. b4 Be7 5. b5 Nd4 6. Nxe5 Ne6 7. d4 d6 8. Ng4 Nf6 9. Nxf6+ Bxf6 10. Be3 O-O
11. O-O c5 12. bxc6 bxc6 13. c3 d5 14. Bd3 Rb8 15. Qc2 g6 16. Nd2 Bd7 17. f4 dxe4 18. Nxe4 Bg7 19. f5 gxf5 20. Nd2 Ng5
21. Bf4 Rb5 22. Bxb5 cxb5 23. Rae1 Kh8 24. Qd3 Rg8 25. Bd6 a6 26. Be7 Qb6 27. Bxg5 Qg6 28. Bf4 Be6 29. d5 Bf6 30. Qf3
1-0

[Event "Good Evans"]
[Site "SchemingMind.com"]
[Date "2010.09.11"]
[Round "-"]
[White "riverriver"]
[Black "Theodoric"]
[Result "0-1"]
[WhiteCountry "USA"]
[BlackCountry "ENG"]
[WhiteElo "1736"]
[WhiteRD "64"]
[BlackElo "1978"]
[BlackRD "73"]
[GameID "259540"]

1. e4 e5 2. Nf3 Nc6 3. Bc4 Bc5 4. b4 Bxb4 5. c3 Ba5 6. d4 d6 7. dxe5 dxe5 8. Qb3 Qe7 9. O-O Be6 10. Qxb7 Rd8
11. Qxc6+ Bd7 12. Qd5 Bb6 13. Nxe5 Nf6 14. Nxf7 Nxd5 15. Bxd5 Qxf7 16. Bxf7+ Kxf7 17. Bg5 Rb8 18. Nd2 h6 19. Be3 Kg6 20. Rad1 Ba4
21. Rb1 Bc2 22. Rbc1 Bd3 23. Rfe1 c5 24. Bf4 Rbd8 25. Nf3 c4 26. Be3 Rhe8 27. Nh4+ Kf6 28. f3 g6 29. g4 Bxe3+ 30. Rxe3 Re5
0-1

[Event "Good Evans"]
[Site "SchemingMind.com"]
[Date "2010.09.12"]
[Round "-"]
[White "jarkus"]
[Black "riverriver"]
[Result "0-1"]
[WhiteCountry "POL"]
[BlackCountry "USA"]
[WhiteElo "1665"]
[WhiteRD "76"]
[BlackElo "1891"]
[BlackRD "80"]
[GameID "259896"]

1. e4 e5 2. Nf3 Nc6 3. Bc4 Bc5 4. b4 Be7 5. c3 Nf6 6. Ng5 d5 7. exd5 Nxd5 8. Ne4 Ndxb4 9. cxb4 Qd4 10. d3 Qxa1
0-1

[Event "Good Evans"]
[Site "SchemingMind.com"]
[Date "2010.09.14"]
[Round "-"]
[White "jarkus"]
[Black "Theodoric"]
[Result "0-1"]
[WhiteCountry "POL"]
[BlackCountry "ENG"]
[WhiteElo "1665"]
[WhiteRD "76"]
[BlackElo "2025"]
[BlackRD "79"]
[GameID "259897"]

1. e4 e5 2. Nf3 Nc6 3. Bc4 Bc5 4. b4 Bxb4 5. O-O Nf6 6. d3 O-O 7. a3 Bc5 8. Nc3 d6 9. Bg5 h6 10. Bh4 Na5
11. d4 exd4 12. e5 g5 13. exf6 dxc3 14. Bg3 Nxc4 15. Qd3 Nd2 16. Nxd2 cxd2 17. Qc3 Bg4 18. Qxd2 Qxf6 19. Rab1 b6 20. Rfe1 Bxa3
21. Re4 Bf5 22. Re3 Bc5 23. Re2 Rfe8 24. Rbe1 Rxe2 25. Qxe2 Be6
0-1

[Event "Good Evans"]
[Site "SchemingMind.com"]
[Date "2010.09.12"]
[Round "-"]
[White "riverriver"]
[Black "jarkus"]
[Result "1-0"]
[WhiteCountry "USA"]
[BlackCountry "POL"]
[WhiteElo "1821"]
[WhiteRD "63"]
[BlackElo "1566"]
[BlackRD "73"]
[GameID "259898"]

1. e4 e5 2. Nf3 Nc6 3. Bc4 Bc5 4. b4 Bxb4 5. c3 Bc5 6. d4 exd4 7. O-O Nf6 8. Qb3 O-O 9. Nbd2 dxc3 10. Qxc3 h6
11. Bxf7+ Rxf7 12. Qxc5 d6 13. Qc2 Re7 14. Rb1 a5 15. Bb2 Re6 16. Qb3 Kh8 17. Rfe1 a4 18. Qd3 Nb4 19. Bxf6 Qxf6 20. Rxb4 c5
21. Rb6 Re7 22. Rxd6 Ra6 23. Rxf6
1-0

[Event "Good Evans"]
[Site "SchemingMind.com"]
[Date "2010.09.14"]
[Round "-"]
[White "Theodoric"]
[Black "jarkus"]
[Result "1-0"]
[WhiteCountry "ENG"]
[BlackCountry "POL"]
[WhiteElo "2025"]
[WhiteRD "79"]
[BlackElo "1665"]
[BlackRD "76"]
[GameID "259899"]

1. e4 e5 2. Nf3 Nc6 3. Bc4 Bc5 4. b4 Bxb4 5. c3 Bc5 6. O-O Nh6 7. d4 exd4 8. cxd4 Bb6 9. Nc3 Ne7 10. Bxh6 gxh6
11. Ne5 d5 12. Nxd5 Nxd5 13. Bxd5 Be6 14. Bxe6 Bxd4 15. Bd7+ Kf8 16. Qxd4 f6 17. Ng4 Rg8 18. Qxf6+ Qxf6 19. Nxf6 Rg6 20. e5 a5
21. Rad1 Ra6 22. Rfe1 Rb6 23. Bf5 Rg7 24. Nxh7+ Ke7 25. Rd7+
1-0

[Event "Good Evans"]
[Site "SchemingMind.com"]
[Date "2010.10.08"]
[Round "-"]
[White "cdevos"]
[Black "riverriver"]
[Result "1-0"]
[WhiteCountry "NED"]
[BlackCountry "USA"]
[WhiteElo "1855"]
[WhiteRD "79"]
[BlackElo "1736"]
[BlackRD "64"]
[GameID "262368"]

1. e4 e5 2. Nf3 Nc6 3. Bc4 Bc5 4. b4 Be7 5. Nc3 Bxb4 6. Nd5 Nge7 7. Nxb4 Nxb4 8. Bxf7+ Kxf7 9. Nxe5+ Ke8 10. Bb2 Rf8
11. a3 Nbc6 12. Nxc6 Nxc6 13. Bxg7 Rf4 14. Qh5+ Rf7 15. a4 Qe7 16. d3 d6 17. O-O-O
1-0

[Event "Good Evans"]
[Site "SchemingMind.com"]
[Date "2010.10.08"]
[Round "-"]
[White "cdevos"]
[Black "Theodoric"]
[Result "1-0"]
[WhiteCountry "NED"]
[BlackCountry "ENG"]
[WhiteElo "1799"]
[WhiteRD "81"]
[BlackElo "2025"]
[BlackRD "79"]
[GameID "262369"]

1. e4 e5 2. Nf3 Nc6 3. Bc4 Bc5 4. b4 Bb6 5. c3 Nf6 6. Ng5 O-O 7. d3 h6 8. Nh3 d6 9. a4 a6 10. Qf3 Bg4
11. Qg3 Qd7 12. f3 Bh5 13. Bxh6 Bg6 14. Qxg6
1-0

[Event "Good Evans"]
[Site "SchemingMind.com"]
[Date "2010.10.07"]
[Round "-"]
[White "cdevos"]
[Black "jarkus"]
[Result "1-0"]
[WhiteCountry "NED"]
[BlackCountry "POL"]
[WhiteElo "1795"]
[WhiteRD "80"]
[BlackElo "1587"]
[BlackRD "72"]
[GameID "262370"]

1. e4 e5 2. Nf3 Nc6 3. Bc4 Bc5 4. b4 Bxb4 5. O-O Nf6 6. d4 exd4 7. Nxd4 Nxd4 8. c3 Nc6 9. cxb4 Nxb4 10. Bxf7+ Kxf7
11. Qb3+ Ke8 12. Qxb4 d6 13. Re1 Qe7 14. Nc3 Bg4 15. Qb3 Bf5 16. Bg5 Kd7 17. exf5 Qf8 18. Qe6+ Kd8 19. Nd5 Qe8 20. Bxf6+ gxf6
21. Qxf6+ Kd7 22. Qg7+ Kc6 23. Qxc7+ Kxd5 24. Rad1#
1-0

[Event "Good Evans"]
[Site "SchemingMind.com"]
[Date "2010.10.08"]
[Round "-"]
[White "riverriver"]
[Black "cdevos"]
[Result "0-1"]
[WhiteCountry "USA"]
[BlackCountry "NED"]
[WhiteElo "1736"]
[WhiteRD "64"]
[BlackElo "1855"]
[BlackRD "79"]
[GameID "262371"]

1. e4 e5 2. Nf3 Nc6 3. Bc4 Bc5 4. b4 Bxb4 5. c3 Ba5 6. d4 exd4 7. O-O d6 8. Qb3 Qe7 9. cxd4 Bd7 10. Qxb7 Rb8
11. Qa6 Rb6 12. Bxf7+ Qxf7 13. Qd3 h6 14. Nbd2 Nge7 15. d5 Nd8 16. Rb1 O-O
0-1

[Event "Good Evans"]
[Site "SchemingMind.com"]
[Date "2010.10.06"]
[Round "-"]
[White "Theodoric"]
[Black "cdevos"]
[Result "1-0"]
[WhiteCountry "ENG"]
[BlackCountry "NED"]
[WhiteElo "2050"]
[WhiteRD "82"]
[BlackElo "1795"]
[BlackRD "80"]
[GameID "262372"]

1. e4 e5 2. Nf3 Nc6 3. Bc4 Bc5 4. b4 Bxb4 5. O-O d6 6. c3 Bc5 7. d4 exd4 8. cxd4 Bb6 9. Nc3 Bd7 10. e5 Na5
11. Bd3 Bc6 12. exd6 Qxd6 13. Re1+ Ne7 14. d5 Bd7 15. Bb2 Bxf2+ 16. Kxf2 Qb6+ 17. Kf1 Qxb2 18. d6 Qxc3 19. Rxe7+ Kd8 20. Rc1 Ba4
21. dxc7+ Qxc7 22. Rcxc7 Bxd1 23. Ng5 Rf8 24. Red7+ Ke8 25. Ne4
1-0

[Event "Good Evans"]
[Site "SchemingMind.com"]
[Date "2010.10.04"]
[Round "-"]
[White "jarkus"]
[Black "cdevos"]
[Result "0-1"]
[WhiteCountry "POL"]
[BlackCountry "NED"]
[WhiteElo "1587"]
[WhiteRD "72"]
[BlackElo "1795"]
[BlackRD "80"]
[GameID "262373"]

1. e4 e5 2. Nf3 Nc6 3. Bc4 Bc5 4. b4 Bxb4 5. c3 Bc5 6. O-O d6 7. d4 exd4 8. cxd4 Bb6 9. Nc3 Bd7 10. e5 Qe7
11. Re1 O-O-O 12. exd6 Qxd6 13. Nb5 Qg6 14. Bd3 f5 15. Nh4 Qf6 16. Bb2 Qxh4 17. Qd2 Nf6 18. Rac1 a6 19. Na3 Nxd4 20. Bxd4 Qxd4
21. Nc2 Qd6 22. Ne3 g6 23. f3 f4 24. Kh1 fxe3 25. Qe2 c6 26. Rcd1 Bc7 27. g3 Rhe8 28. Bxg6 Nd5 29. Bxe8 Rxe8 30. Rd4 Qf6
31. Rf1 Qxd4
0-1

[Event "Good Evans"]
[Site "SchemingMind.com"]
[Date "2010.10.10"]
[Round "-"]
[White "Globule68"]
[Black "riverriver"]
[Result "1-0"]
[WhiteCountry "SUI"]
[BlackCountry "USA"]
[WhiteElo "2010"]
[WhiteRD "98"]
[BlackElo "1821"]
[BlackRD "63"]
[GameID "262467"]

1. e4 e5 2. Nf3 Nc6 3. Bc4 Bc5 4. b4 Be7 5. b5 Nd4 6. Nxe5 Ne6 7. d4 d6 8. Nf3 Nf6 9. Nc3 Nxe4 10. Nxe4 d5
11. Bb3 dxe4 12. d5 exf3 13. dxe6 Qxd1+ 14. Kxd1
1-0

[Event "Good Evans"]
[Site "SchemingMind.com"]
[Date "2010.10.09"]
[Round "-"]
[White "Globule68"]
[Black "cdevos"]
[Result "1-0"]
[WhiteCountry "SUI"]
[BlackCountry "NED"]
[WhiteElo "1985"]
[WhiteRD "90"]
[BlackElo "1788"]
[BlackRD "75"]
[GameID "262468"]

1. e4 e5 2. Nf3 Nc6 3. Bc4 Bc5 4. b4 Bxb4 5. c3 Bc5 6. d4 exd4 7. cxd4 Bb6 8. O-O h6 9. Ne5 Nxe5 10. dxe5 d6
11. Bb2 Ne7 12. Qb3 O-O 13. Rd1 Bg4 14. Rd3 d5 15. Bxd5 Nxd5 16. exd5 Qg5 17. Nd2 Qf4 18. Nf3 c5 19. g3 Qf5 20. Nh4 Qc8
21. Qc3 Bd8 22. Ng2 b5 23. Nf4 b4 24. Qc4 g5 25. f3 Bf5 26. Re3 gxf4 27. gxf4 Rb8 28. e6 Kh7 29. Re5 fxe6 30. dxe6 Rg8+
31. Kh1 Qc6 32. Rf1 Bg4 33. Re3 Be7 34. Qc2+ Rg6 35. f5 Rg5 36. f6+ Bf5 37. Qc4 Rg4 38. Qe2 Bd6 39. e7 Bg6 40. Re6
1-0

[Event "Good Evans"]
[Site "SchemingMind.com"]
[Date "2010.10.10"]
[Round "-"]
[White "Globule68"]
[Black "Theodoric"]
[Result "1-0"]
[WhiteCountry "SUI"]
[BlackCountry "ENG"]
[WhiteElo "2010"]
[WhiteRD "98"]
[BlackElo "2017"]
[BlackRD "76"]
[GameID "262469"]

1. e4 e5 2. Nf3 Nc6 3. Bc4 Bc5 4. b4 Bb6 5. b5 Nd4 6. Nxd4 Bxd4 7. c3 Bc5 8. d4 exd4 9. Bxf7+ Kxf7 10. Qh5+ g6
11. Qxc5 d6 12. Qxd4 Nf6 13. O-O Be6 14. Bg5 h6 15. Bxf6 Qxf6 16. a4 Qg5 17. f4 Qe7 18. f5 gxf5 19. exf5 Bd7 20. Qd5+ Kf8
21. Qxb7 Qe3+ 22. Kh1 Re8 23. Qxc7 Rh7 24. Qxd6+ Kg8 25. Nd2 Qg5 26. Ne4
1-0

[Event "Good Evans"]
[Site "SchemingMind.com"]
[Date "2010.10.09"]
[Round "-"]
[White "Globule68"]
[Black "jarkus"]
[Result "1-0"]
[WhiteCountry "SUI"]
[BlackCountry "POL"]
[WhiteElo "1910"]
[WhiteRD "104"]
[BlackElo "1587"]
[BlackRD "72"]
[GameID "262470"]

1. e4 e5 2. Nf3 Nc6 3. Bc4 Bc5 4. b4 Bxb4 5. c3 Bc5 6. d4 exd4 7. O-O dxc3 8. Bxf7+ Kxf7 9. Qd5+ Ke8 10. Qxc5 Qe7
11. Qxc3 d6 12. Ba3 Bg4 13. Nbd2 Kd7 14. Rfe1 Bxf3 15. Nxf3 Nf6 16. e5 Ng4 17. exd6 Qf6 18. Ne5+ Ncxe5 19. Qxc7+ Ke6 20. f3 Rhc8
21. Qxb7 Qf4 22. fxg4 Kf6 23. Rf1 Nf3+ 24. Rxf3 Qxf3 25. Qxf3+ Kg6 26. Qf5+
1-0

[Event "Good Evans"]
[Site "SchemingMind.com"]
[Date "2010.10.10"]
[Round "-"]
[White "riverriver"]
[Black "Globule68"]
[Result "0-1"]
[WhiteCountry "USA"]
[BlackCountry "SUI"]
[WhiteElo "1736"]
[WhiteRD "64"]
[BlackElo "1916"]
[BlackRD "92"]
[GameID "262471"]

1. e4 e5 2. Nf3 Nc6 3. Bc4 Bc5 4. b4 Bxb4 5. c3 Be7 6. Qb3 Nh6 7. d4 Na5 8. Qb5 Nxc4 9. Qxc4 d6 10. h4 c6
11. Bxh6 gxh6 12. dxe5 dxe5 13. Nxe5 Be6 14. Qe2 Qc7 15. f4 Bc5 16. Nd2 O-O-O 17. Ndf3 f6 18. Nd3 Bc4 19. Rd1 Bxd3 20. Rxd3 Rxd3
21. Qxd3 Qxf4 22. a4 Qc1+ 23. Qd1 Qe3+ 24. Qe2 Qxc3+ 25. Nd2 Bb4 26. g3 Qxg3+ 27. Qf2 Bxd2+ 28. Ke2 Qd6 29. Qf5+ Kc7
0-1

[Event "Good Evans"]
[Site "SchemingMind.com"]
[Date "2010.10.09"]
[Round "-"]
[White "cdevos"]
[Black "Globule68"]
[Result "1-0"]
[WhiteCountry "NED"]
[BlackCountry "SUI"]
[WhiteElo "1855"]
[WhiteRD "79"]
[BlackElo "1916"]
[BlackRD "92"]
[GameID "262472"]

1. e4 e5 2. Nf3 Nc6 3. Bc4 Bc5 4. b4 Bb6 5. c3 Nf6 6. d3 d6 7. h3 O-O 8. a4 a5 9. b5 Ne7 10. Nh4 Be6
11. Qf3 d5 12. Ba2 Qd6 13. Bg5 Nd7 14. Nf5 Nxf5 15. exd5 Nc5 16. Nd2 Bd7 17. Nc4 Qg6 18. h4 f6 19. Bd2 Nxa4 20. d6 Kh8
21. h5 Qe8 22. Bb1 Nc5 23. dxc7 Bxc7 24. b6 Bd8 25. Qd5 Be7 26. Ne3 Be6 27. Qf3 Rb8 28. Nxf5 Nb3 29. Ra2 Nxd2 30. Rxd2 h6
31. Re2 Bc5 32. d4 exd4 33. Qd3 dxc3 34. Nxg7
1-0

[Event "Good Evans"]
[Site "SchemingMind.com"]
[Date "2010.10.10"]
[Round "-"]
[White "Theodoric"]
[Black "Globule68"]
[Result "0-1"]
[WhiteCountry "ENG"]
[BlackCountry "SUI"]
[WhiteElo "2017"]
[WhiteRD "76"]
[BlackElo "2010"]
[BlackRD "98"]
[GameID "262473"]

1. e4 e5 2. Nf3 Nc6 3. Bc4 Bc5 4. b4 Bxb4 5. c3 Ba5 6. d4 exd4 7. Nxd4 Ne5 8. Bb3 Nf6 9. Bg5 h6 10. Bxf6 Qxf6
11. O-O O-O 12. Qc2 c5 13. Nd2 cxd4 14. cxd4 Nc6 15. e5 Qf4 16. Nf3 Nxd4 17. Nxd4 Qxd4 18. Qe2 Bc3 19. Rad1 Qxe5 20. Qd3 d6
21. Bc2 g6 22. Bb3 Kg7 23. Rc1 Ba5 24. f4 Bb6+ 25. Kh1 Qf6
0-1

[Event "Good Evans"]
[Site "SchemingMind.com"]
[Date "2010.10.08"]
[Round "-"]
[White "jarkus"]
[Black "Globule68"]
[Result "0-1"]
[WhiteCountry "POL"]
[BlackCountry "SUI"]
[WhiteElo "1566"]
[WhiteRD "73"]
[BlackElo "2010"]
[BlackRD "98"]
[GameID "262474"]

1. e4 e5 2. Nf3 Nc6 3. Bc4 Bc5 4. b4 Bxb4 5. c3 Ba5 6. O-O d6 7. d4 exd4 8. cxd4 Nf6 9. d5 Ne7 10. Bd2 Bxd2
11. Nfxd2 c6 12. dxc6 bxc6 13. Re1 O-O 14. h3 Be6 15. Bxe6 fxe6 16. Nc4 d5 17. exd5 exd5 18. Ncd2 Kh8 19. Nf3 Qd6 20. Nc3 Rab8
21. Ng5 Rbe8 22. Qd3 Ng6 23. Nge4 Nxe4 24. Nxe4 Qf4 25. g3 dxe4 26. Qc2 Qf5 27. Rad1 Qxh3 28. Rxe4 Qf5 29. Rde1 Ne5 30. Qe2 Nf3+
31. Kf1 Qh3#
0-1

[Event "Good Evans"]
[Site "SchemingMind.com"]
[Date "2010.10.13"]
[Round "-"]
[White "smsrdan"]
[Black "riverriver"]
[Result "1-0"]
[WhiteCountry "SRB"]
[BlackCountry "USA"]
[WhiteElo "2106"]
[WhiteRD "96"]
[BlackElo "1736"]
[BlackRD "64"]
[GameID "262595"]

1. e4 e5 2. Nf3 Nc6 3. Bc4 Bc5 4. b4 Bb6 5. a4 Qe7 6. Ba3 Nxb4 7. c3 Qc5 8. Bxf7+ Kxf7 9. d4 exd4 10. Bxb4 Qh5
11. cxd4 Ke8 12. O-O a5 13. Bc3 d5 14. Re1 dxe4 15. Rxe4+ Ne7 16. Qe2 Qf7 17. Nbd2
1-0

[Event "Good Evans"]
[Site "SchemingMind.com"]
[Date "2010.10.11"]
[Round "-"]
[White "smsrdan"]
[Black "cdevos"]
[Result "1-0"]
[WhiteCountry "SRB"]
[BlackCountry "NED"]
[WhiteElo "2106"]
[WhiteRD "96"]
[BlackElo "1855"]
[BlackRD "79"]
[GameID "262596"]

1. e4 e5 2. Nf3 Nc6 3. Bc4 Bc5 4. b4 Bb6 5. a4 Qe7 6. a5 Qxb4 7. axb6 Qxc4 8. d3 Qb4+ 9. Bd2 Qxb6 10. Nc3 Qb4
11. Nd5 Qd6 12. O-O Nf6 13. Ne3 Qe7 14. Nf5 Qf8 15. Re1 d6 16. N3h4 g6 17. Bh6 Qg8 18. Ng3 Nd4 19. c3 Ne6 20. d4 Nd7
21. Nf3 b5 22. dxe5 dxe5 23. Qd5 Nb6 24. Qxb5+ Bd7 25. Qxe5 O-O-O 26. Rxa7 Bc6 27. Bf4 Rd7 28. Nd4 Nxf4 29. Nxc6 Nd3 30. Qb5 Nxe1
31. Qa6#
1-0

[Event "Good Evans"]
[Site "SchemingMind.com"]
[Date "2010.10.11"]
[Round "-"]
[White "smsrdan"]
[Black "Theodoric"]
[Result "1-0"]
[WhiteCountry "SRB"]
[BlackCountry "ENG"]
[WhiteElo "2106"]
[WhiteRD "96"]
[BlackElo "1978"]
[BlackRD "73"]
[GameID "262597"]

1. e4 e5 2. Nf3 Nc6 3. Bc4 Bc5 4. b4 Bb6 5. a4 a5 6. b5 Nce7 7. Nxe5 d5 8. exd5 Nxd5 9. Qe2 Nge7 10. O-O O-O
11. Bb2 Be6 12. g3 f6 13. Ng6 Nxg6 14. Qxe6+ Kh8 15. Qxd5 Qc8 16. d3 c6 17. Qe6 Qc7 18. Nd2 Rfe8 19. Qf5 Rad8 20. Ne4 Ne5
21. Bxe5 Rxe5 22. Qf3 cxb5 23. axb5 Bd4 24. c3 Bb6 25. Rac1 Rde8 26. Bb3 h6 27. Qf4 Qd8 28. Bc2 f5 29. Nd2 R8e6 30. Nf3 Rxb5
31. Rb1 Rxb1 32. Rxb1 Re2 33. Rc1 Bxf2+ 34. Kf1 Be3 35. Qxf5 Rf2+ 36. Ke1 Qf6 37. Qc8+ Kh7 38. d4+ Rxc2 39. Rxc2 Qxf3 40. g4 Qh1+
41. Ke2 Qxh2+ 42. Kd3 Qg1 43. Qf5+ Kg8 44. Re2
1-0

[Event "Good Evans"]
[Site "SchemingMind.com"]
[Date "2010.10.11"]
[Round "-"]
[White "smsrdan"]
[Black "Globule68"]
[Result "1-0"]
[WhiteCountry "SRB"]
[BlackCountry "SUI"]
[WhiteElo "2106"]
[WhiteRD "96"]
[BlackElo "1916"]
[BlackRD "92"]
[GameID "262598"]

1. e4 e5 2. Nf3 Nc6 3. Bc4 Bc5 4. b4 Bb6 5. a4 Nxb4 6. a5 Bc5 7. c3 Nc6 8. d4 Bd6 9. d5 Nce7 10. Qc2 Ng6
11. O-O Nf6 12. Bb3 O-O 13. c4 Bc5 14. Nc3 d6 15. Na4 Bb4 16. Nc3 Bxc3 17. Qxc3 Nxe4 18. Qe3 f5 19. Bc2 Nf4 20. Bxe4 fxe4
21. Qxe4 Bf5 22. Qe3 Bg4 23. Ra2 Bxf3 24. Qxf3 Qh4 25. Bxf4 Rxf4 26. Qb3 Rb8 27. Rc2 a6 28. c5 dxc5 29. d6+ Kh8 30. dxc7 Rc8
31. Qxb7 Rff8 32. Rxc5 Qe7 33. Rfc1 e4 34. R5c3 Qe5 35. Qxa6
1-0

[Event "Good Evans"]
[Site "SchemingMind.com"]
[Date "2010.10.07"]
[Round "-"]
[White "smsrdan"]
[Black "jarkus"]
[Result "1-0"]
[WhiteCountry "SRB"]
[BlackCountry "POL"]
[WhiteElo "2018"]
[WhiteRD "122"]
[BlackElo "1566"]
[BlackRD "73"]
[GameID "262599"]

1. e4 e5 2. Nf3 Nc6 3. Bc4 Bc5 4. b4 Bxb4 5. c3 Bc5 6. d4 exd4 7. O-O Nge7 8. cxd4 Bb6 9. Ng5 d5 10. exd5 Nxd4
11. Nxf7 Kxf7 12. d6+ Be6 13. Bxe6+ Nxe6 14. Qf3+ Ke8 15. dxe7 Qxe7 16. Qxb7 Kf7 17. Bb2 Rhd8 18. Qe4 Qd7 19. Na3 Ng5 20. Qf4+ Kg6
21. h4 Qf5 22. Qxg5+ Qxg5 23. hxg5 Kxg5 24. Bxg7 Rd7 25. Be5 Re8 26. Nc4 Bd4 27. Bxd4 Rxd4 28. Ne3 c5 29. Rac1 Rc8 30. Rc2 Rc6
31. Rfc1 Rh4 32. Rxc5+ Rxc5 33. Rxc5+ Kh6 34. Nf5+
1-0

[Event "Good Evans"]
[Site "SchemingMind.com"]
[Date "2010.10.13"]
[Round "-"]
[White "riverriver"]
[Black "smsrdan"]
[Result "0-1"]
[WhiteCountry "USA"]
[BlackCountry "SRB"]
[WhiteElo "1736"]
[WhiteRD "64"]
[BlackElo "2106"]
[BlackRD "96"]
[GameID "262600"]

1. e4 e5 2. Nf3 Nc6 3. Bc4 Bc5 4. b4 Bxb4 5. c3 Ba5 6. d4 exd4 7. O-O dxc3 8. Qb3 Qf6 9. e5 Qg6 10. Nxc3 Nge7
11. Ba3 O-O 12. Rad1 Bb6 13. Nh4 Qh5 14. g3 Na5 15. Kg2 Nxb3 16. Bxe7 Re8 17. axb3 Rxe7
0-1

[Event "Good Evans"]
[Site "SchemingMind.com"]
[Date "2010.10.09"]
[Round "-"]
[White "cdevos"]
[Black "smsrdan"]
[Result "0-1"]
[WhiteCountry "NED"]
[BlackCountry "SRB"]
[WhiteElo "1788"]
[WhiteRD "75"]
[BlackElo "2116"]
[BlackRD "99"]
[GameID "262601"]

1. e4 e5 2. Nf3 Nc6 3. Bc4 Bc5 4. b4 Bxb4 5. c3 Ba5 6. Qb3 Qf6 7. d3 Bb6 8. Na3 Na5 9. Qa4 Nc6 10. Bg5 Qg6
11. h4 h5 12. g3 d6 13. Bb5 Bd7 14. O-O-O Bxf2 15. Nc4 f6 16. Na5 fxg5 17. Nxc6 bxc6 18. Bxc6 Rd8 19. hxg5 Ne7 20. Bxd7+ Rxd7
21. Rh2 Be3+ 22. Kc2 Qe6 23. Rb1 Nc8 24. Re2 Bb6 25. Nh4 Ne7 26. Rf1 Kd8 27. d4 exd4 28. cxd4 c5 29. Nf5 Nxf5 30. Rxf5 Kc7
31. d5 Qe8 32. g6 Re7 33. Qxe8 Rhxe8 34. Rf7 Kd8 35. Rxe7 Rxe7 36. Kd3 Re5
0-1

[Event "Good Evans"]
[Site "SchemingMind.com"]
[Date "2010.10.09"]
[Round "-"]
[White "Theodoric"]
[Black "smsrdan"]
[Result "1/2-1/2"]
[WhiteCountry "ENG"]
[BlackCountry "SRB"]
[WhiteElo "1978"]
[WhiteRD "73"]
[BlackElo "2106"]
[BlackRD "96"]
[GameID "262602"]

1. e4 e5 2. Nf3 Nc6 3. Bc4 Bc5 4. b4 Bxb4 5. c3 Ba5 6. O-O d6 7. d4 exd4 8. Nxd4 Nxd4 9. cxd4 Ne7 10. Bxf7+ Kxf7
11. Qh5+ Ng6 12. Qxa5 Re8 13. Nc3 b6 14. Qa3 Qh4 15. Be3 Nf4 16. Bxf4 Qxf4 17. Rae1 c6 18. Qb3+ Be6 19. d5 cxd5 20. Nxd5 Bxd5
21. Qxd5+ Kg6 22. g3 Qe5 23. Qd1 h6 24. f4 Qc5+ 25. Kh1 Kh7 26. f5 Qe5 27. Qg4 Qf6 28. Rd1 Re5 29. Rd4 Rd8 30. Rfd1 Kg8
31. Kg2 Rd7 32. a3 Qe7 33. Qf3 Rc5 34. Qb3+ Kh8=
1/2-1/2

[Event "Good Evans"]
[Site "SchemingMind.com"]
[Date "2010.10.09"]
[Round "-"]
[White "Globule68"]
[Black "smsrdan"]
[Result "0-1"]
[WhiteCountry "SUI"]
[BlackCountry "SRB"]
[WhiteElo "1916"]
[WhiteRD "92"]
[BlackElo "2106"]
[BlackRD "96"]
[GameID "262603"]

1. e4 e5 2. Nf3 Nc6 3. Bc4 Bc5 4. b4 Bxb4 5. c3 Ba5 6. d4 exd4 7. Nxd4 Qf6 8. O-O Nge7 9. Nxc6 Nxc6 10. Ba3 d6
11. Qb3 Bb6 12. Bxf7+ Qxf7 13. Qxf7+ Kxf7 14. Nd2 Ba5 15. Bb2 Be6 16. Nb3 Bb6 17. Kh1 Rhf8 18. Nd4 Ne5 19. Nxe6 Kxe6 20. f4 Nd3
21. Rab1 Nf2+ 22. Kg1 Nxe4+ 23. Kh1 Kd7 24. Rbc1 Nf2+ 25. Rxf2 Bxf2 26. g3 Rae8 27. c4 g6 28. Rc2 Bc5 29. h4 Re3 30. Rg2 Rfe8
31. Kh2 Re2
0-1

[Event "Good Evans"]
[Site "SchemingMind.com"]
[Date "2010.10.06"]
[Round "-"]
[White "jarkus"]
[Black "smsrdan"]
[Result "0-1"]
[WhiteCountry "POL"]
[BlackCountry "SRB"]
[WhiteElo "1587"]
[WhiteRD "72"]
[BlackElo "2018"]
[BlackRD "131"]
[GameID "262604"]

1. e4 e5 2. Nf3 Nc6 3. Bc4 Bc5 4. b4 Bxb4 5. c3 Ba5 6. O-O d6 7. d4 exd4 8. cxd4 Bb6 9. Bg5 Nge7 10. d5 Na5
11. Bb5+ Bd7 12. Nc3 a6 13. Bxd7+ Qxd7 14. Rb1 Ng6 15. Ne2 Nc4 16. Qc1 Nce5 17. Nxe5 Nxe5 18. Bf4 f6 19. Rd1 O-O 20. h3 f5
21. exf5 Qxf5 22. Ng3 Qxf4 23. Qxf4 Rxf4 24. Rd2 Raf8 25. Rf1 g6 26. Ne4 Rxe4 27. Kh1 Ref4 28. f3 Nc4 29. Re2 Ne3 30. Rfe1 Nxd5
0-1